000
00204 a2200097 4500
001
4858
100
_a
Fiesoff,V.A
245
_a
Strange world, the moon
260
_a
_b
Hutchinson
_c
090
_c
4049
_d
4049
942
_a
NUST-CAE
_c
M
_c
30322
999
_c
239931
_d
239931